[Event "Criciuma op-B"]
[Site "Criciuma"]
[Date "2024.01.14"]
[Round "4"]
[White "Martins, Arthur Francisco"]
[Black "Carvalho, Kayle Fabricio Amor"]
[Result "1/2-1/2"]
[WhiteElo "1588"]
[BlackElo "1420"]
[PlyCount "40"]
[EventDate "2024.01.12"]
[EventType "swiss"]
[EventRounds "9"]
[EventCountry "BRA"]
[SourceTitle "CBM 218 Extra"]
[Source "ChessBase"]
[SourceDate "2024.03.31"]
[SourceVersion "1"]
[SourceVersionDate "2024.03.31"]
[SourceQuality "1"]

1. Nf3 e6 2. b3 d5 3. Bb2 Nf6 4. e3 c5 5. d4 Nc6 6. c4 cxd4 7. Nxd4 Nxd4 8. Qxd4 Be7 9. cxd5 Qxd5 10. Qxd5 exd5 11. Bb5+ Bd7 12. Bxd7+ Kxd7 13. 0-0 Rhd8 14. Nc3 Bb4 15. Rfd1 Bxc3 16. Bxc3 Ke6 17. Rac1 Rac8 18. g3 Rc6 19. Bxf6 Kxf6 20. Rxc6+ bxc6 1/2-1/2

[Event "Concordia op 5th"]
[Site "Concordia"]
[Date "2019.05.03"]
[Round "6"]
[White "Martins, Arthur Francisco"]
[Black "Rodio, Julia Brunetto"]
[Result "1/2-1/2"]
[WhiteElo "1596"]
[BlackElo "1768"]
[PlyCount "54"]
[EventDate "2019.05.01"]
[EventType "swiss"]
[EventRounds "9"]
[EventCountry "BRA"]
[SourceTitle "CBM 190 Extra"]
[Source "ChessBase"]
[SourceDate "2019.07.15"]
[SourceVersion "1"]
[SourceVersionDate "2019.07.15"]
[SourceQuality "1"]

1. Nf3 Nf6 2. b3 g6 3. Bb2 Bg7 4. e3 0-0 5. d4 d6 6. Nbd2 Nbd7 7. Be2 Re8 8. 0-0 h6 9. h3 Nh7 10. Nc4 Ng5 11. Nxg5 hxg5 12. d5 Nf6 13. Rb1 Bf5 14. Nd2 Qd7 15. Bxf6 exf6 16. g4 Be4 17. Nxe4 Rxe4 18. Bd3 Re5 19. e4 Kh7 20. f4 gxf4 21. Rxf4 Rh8 22. Qf3 Qe7 23. Rf1 Kg8 24. Kg2 Rh7 25. Qf2 b6 26. h4 Bh8 27. a4 a5 1/2-1/2

[Event "Concordia op 5th"]
[Site "Concordia"]
[Date "2019.05.02"]
[Round "4"]
[White "Martins, Arthur Francisco"]
[Black "Federzoni, Enzo"]
[Result "0-1"]
[WhiteElo "1596"]
[BlackElo "2061"]
[PlyCount "54"]
[EventDate "2019.05.01"]
[EventType "swiss"]
[EventRounds "9"]
[EventCountry "BRA"]
[SourceTitle "CBM 190 Extra"]
[Source "ChessBase"]
[SourceDate "2019.07.15"]
[SourceVersion "1"]
[SourceVersionDate "2019.07.15"]
[SourceQuality "1"]

1. Nf3 Nf6 2. c4 c5 3. Nc3 d5 4. e3 d4 5. exd4 cxd4 6. Nd5 Nxd5 7. cxd5 Qxd5 8. Qa4+ Bd7 9. Qxd4 Qxd4 10. Nxd4 a6 11. Bc4 g6 12. 0-0 Bg7 13. Nf3 0-0 14. Re1 Nc6 15. h3 Rac8 16. d3 e6 17. a4 Nb4 18. Re2 b5 19. axb5 axb5 20. Bd2 Nc2 21. Rc1 bxc4 22. Rxc2 cxd3 23. Rxc8 Rxc8 24. Re3 Bb5 25. Ne1 Bh6 26. Rg3 Bxd2 27. Nxd3 e5 0-1

[Event "Blumenau STD op"]
[Site "Blumenau"]
[Date "2018.09.30"]
[Round "6"]
[White "Martins, Arthur Francisco"]
[Black "Santana Freitas, Maria Eduarda"]
[Result "0-1"]
[WhiteElo "1636"]
[BlackElo "1456"]
[PlyCount "50"]
[EventDate "2018.09.28"]
[EventType "swiss"]
[EventRounds "6"]
[EventCountry "BRA"]
[SourceTitle "EXT 2020"]
[Source "ChessBase"]
[SourceDate "2019.10.17"]
[SourceVersion "1"]
[SourceVersionDate "2019.10.17"]
[SourceQuality "1"]

1. Nf3 Nf6 2. d4 g6 3. b3 Bg7 4. Bb2 d5 5. e3 Nbd7 6. c4 e6 7. Nc3 c5 8. cxd5 Nxd5 9. Nxd5 exd5 10. Qc2 0-0 11. dxc5 Qa5+ 12. Nd2 Qxc5 13. Qb1 Ne5 14. Bd4 Qe7 15. Bd3 Nxd3+ 16. Qxd3 Bf5 17. Qc3 Rac8 18. Qb2 Rc2 19. Qb1 Bxd4 20. Qd1 Bxa1 21. Qxa1 Qb4 22. 0-0 Qxd2 23. Qf6 Bd3 24. h4 Bxf1 25. h5 Qc3 0-1

[Event "BRA-ch U16"]
[Site "Itajai"]
[Date "2017.06.03"]
[Round "4"]
[White "Labussiere, Yago"]
[Black "Martins, Arthur Francisco"]
[Result "0-1"]
[WhiteElo "1874"]
[BlackElo "1469"]
[PlyCount "112"]
[EventDate "2017.06.01"]
[EventType "swiss"]
[EventRounds "6"]
[EventCountry "BRA"]
[SourceTitle "CBM 179 Extra"]
[Source "ChessBase"]
[SourceDate "2017.08.23"]
[SourceVersion "1"]
[SourceVersionDate "2017.08.23"]
[SourceQuality "1"]

1. d4 Nf6 2. c4 e6 3. Nc3 Bb4 4. e3 0-0 5. Nf3 b6 6. Bd3 Bb7 7. 0-0 d5 8. a3 Bxc3 9. bxc3 dxc4 10. Bxc4 Nbd7 11. Qe2 Qe7 12. a4 Ne4 13. Ba3 c5 14. Rac1 Rfd8 15. Rfd1 Ndf6 16. Bd3 Qc7 17. Ne5 Nd7 18. Nxd7 Rxd7 19. f3 Nf6 20. Bb5 Rd5 21. dxc5 bxc5 22. Rxd5 Bxd5 23. e4 Bb7 24. Rd1 h6 25. Qd2 a6 26. Bc4 Qa5 27. Qc2 Bc6 28. Bb3 c4 29. Bxc4 Bxa4 30. Bb3 Qb6+ 31. Kh1 Bxb3 32. Qb2 Qb5 33. Rb1 Bc4 34. Qc1 Qg5 35. Qe1 Rd8 36. Rd1 Rxd1 37. Qxd1 Qe3 38. Bb4 Qd3 39. Qxd3 Bxd3 40. Kg1 Kh7 41. Kf2 g5 42. Ke3 Bb5 43. g3 Nd7 44. Kd4 f6 45. c4 Bc6 46. Be7 Kg6 47. Bd6 e5+ 48. Ke3 a5 49. g4 h5 50. h3 a4 51. Kd3 h4 52. Kc3 Kf7 53. Kb4 f5 54. gxf5 Bxe4 55. Kxa4 Bxf3 56. c5 g4 0-1

[Event "BRA-ch U16"]
[Site "Itajai"]
[Date "2017.06.02"]
[Round "2"]
[White "Kuster, Michel Thiago"]
[Black "Martins, Arthur Francisco"]
[Result "0-1"]
[WhiteElo "1717"]
[BlackElo "1469"]
[PlyCount "64"]
[EventDate "2017.06.01"]
[EventType "swiss"]
[EventRounds "6"]
[EventCountry "BRA"]
[SourceTitle "CBM 179 Extra"]
[Source "ChessBase"]
[SourceDate "2017.08.23"]
[SourceVersion "1"]
[SourceVersionDate "2017.08.23"]
[SourceQuality "1"]

1. e4 c5 2. Nf3 d6 3. Nc3 Nf6 4. Bc4 a6 5. d3 Nc6 6. Ng5 e6 7. 0-0 Be7 8. Be3 h6 9. Nf3 b5 10. Bb3 b4 11. Na4 Na5 12. c3 Nxb3 13. Qxb3 a5 14. d4 Nxe4 15. d5 Rb8 16. a3 Ba6 17. Rfd1 bxc3 18. Qc2 cxb2 19. Nxb2 exd5 20. Rxd5 Nf6 21. Rf5 Qb6 22. Na4 Qb3 23. Qxb3 Rxb3 24. Nd2 Rb7 25. Rc1 0-0 26. Nc4 Bxc4 27. Rxc4 Ng4 28. Bf4 Rb1+ 29. Bc1 Bg5 30. h3 Bxc1 31. Nc3 Ra1 32. Rxg4 Bf4+ 0-1

[Event "Blumenau Taca Santa Catarina op"]
[Site "Blumenau"]
[Date "2015.11.07"]
[Round "4.21"]
[White "Almeida Junior, Alvaro Alves de"]
[Black "Martins, Arthur Francisco"]
[Result "1-0"]
[WhiteElo "1958"]
[BlackElo "1562"]
[PlyCount "77"]
[EventDate "2015.11.06"]
[EventType "swiss"]
[EventRounds "6"]
[EventCountry "BRA"]
[SourceTitle "EXT 2022"]
[Source "ChessBase"]
[SourceDate "2021.10.06"]
[SourceVersion "1"]
[SourceVersionDate "2021.10.06"]
[SourceQuality "1"]

1. e4 c5 2. Nf3 d6 3. d4 cxd4 4. Nxd4 Nf6 5. Nc3 a6 6. Be3 e5 7. Nb3 Be6 8. f3 Be7 9. Qd2 0-0 10. 0-0-0 Qc7 11. Kb1 Nbd7 12. g4 b5 13. h4 Rfc8 14. h5 b4 15. Nd5 Bxd5 16. exd5 a5 17. g5 Ne8 18. g6 a4 19. Nc1 a3 20. b3 Nc5 21. Bxc5 Qxc5 22. gxf7+ Kxf7 23. Bh3 Bf6 24. Be6+ Ke7 25. Qd3 Bg5 26. Ne2 Nf6 27. Qf5 h6 28. Qg6 Rf8 29. Qxg7+ Ke8 30. f4 Rg8 31. Qf7+ Kd8 32. fxg5 Qe3 33. gxf6 Ra7 34. Qxg8+ Kc7 35. Qc8+ Kb6 36. Qc6+ Ka5 37. Bd7 Qxe2 38. Rhe1 Qa6 39. Qxa6+ 1-0

[Event "Blumenau Taca Santa Catarina op"]
[Site "Blumenau"]
[Date "2015.11.07"]
[Round "3.22"]
[White "Martins, Arthur Francisco"]
[Black "Da Silva Junior, Marco Aurelio"]
[Result "0-1"]
[WhiteElo "1562"]
[BlackElo "1766"]
[PlyCount "107"]
[EventDate "2015.11.06"]
[EventType "swiss"]
[EventRounds "6"]
[EventCountry "BRA"]
[SourceTitle "EXT 2022"]
[Source "ChessBase"]
[SourceDate "2021.10.06"]
[SourceVersion "1"]
[SourceVersionDate "2021.10.06"]
[SourceQuality "1"]

1. e4 d6 2. Nf3 Bg4 3. Bc4 Nf6 4. 0-0 Nxe4 5. Ne5 dxe5 6. Qxg4 Nf6 7. Qf5 Nbd7 8. Nc3 e6 9. Qh3 c6 10. Re1 Bd6 11. d4 exd4 12. Bxe6 fxe6 13. Ne4 Nxe4 14. Qxe6+ Qe7 15. Qxe4 Qxe4 16. Rxe4+ Be7 17. Bg5 Nf6 18. Bxf6 gxf6 19. Rae1 0-0-0 20. Rxe7 d3 21. cxd3 Rxd3 22. g3 Rd2 23. R1e2 Rhd8 24. Kf1 h5 25. Re8 Rxe8 26. Rxd2 Kc7 27. Kg2 Re5 28. f4 Rc5 29. Kf3 f5 30. h3 Rd5 31. Rxd5 cxd5 32. Ke3 Kd6 33. Kd4 b6 34. b4 Ke6 35. Ke3 a6 36. Kd3 Kd7 37. a3 Kc6 38. a4 a5 39. bxa5 bxa5 40. Kd4 Kd6 41. h4 Kc6 42. Ke5 Kc5 43. Kxf5 d4 44. Ke4 Kc4 45. Kf3 d3 46. f5 Kc3 47. f6 d2 48. Ke2 Kc2 49. Ke3 d1Q 50. Ke4 Qg4+ 51. Ke5 Qxg3+ 52. Ke6 Qxh4 53. Kf7 Qxf6+ 54. Ke8 0-1

[Event "Blumenau Taca Santa Catarina op"]
[Site "Blumenau"]
[Date "2015.11.06"]
[Round "1.15"]
[White "Martins, Arthur Francisco"]
[Black "Mendes, Rodrigo Machado"]
[Result "0-1"]
[WhiteElo "1562"]
[BlackElo "1929"]
[PlyCount "60"]
[EventDate "2015.11.06"]
[EventType "swiss"]
[EventRounds "6"]
[EventCountry "BRA"]
[SourceTitle "EXT 2022"]
[Source "ChessBase"]
[SourceDate "2021.10.06"]
[SourceVersion "1"]
[SourceVersionDate "2021.10.06"]
[SourceQuality "1"]

1. b3 Nf6 2. Bb2 b6 3. Nf3 Bb7 4. e3 c5 5. c4 g6 6. d4 d6 7. Bd3 Bg7 8. Nbd2 0-0 9. 0-0 Ne8 10. Qc2 Nd7 11. d5 Nef6 12. Ne4 Qc7 13. Rad1 a5 14. a4 Rac8 15. Kh1 Nxe4 16. Bxe4 Nf6 17. Bd3 e6 18. Bxf6 Bxf6 19. Be4 e5 20. h4 Bd8 21. h5 f5 22. hxg6 hxg6 23. Nxe5 dxe5 24. Bd3 Qd6 25. Be2 Rc7 26. Kg1 Rh7 27. f3 Bg5 28. e4 Be3+ 29. Rf2 Qf6 30. g3 Qg5 0-1